1771 1842 1469 1996 1226 1852 1340 1077 1977 1684 1998 1846 1449 1880 1080 1940 1068 1872 1690 1090 1753 1002 1816 1812 1082 1003 1051 1637 1925 1828 1682 1856 1549 1286 1595 1154 1319 1439 1236 1928 1745 1399 1781 1296 1553 1711 1892 1984 1294 1678 1647 1235 1990 1100 1926 1545 1959 1467 1981 1444 1888 1768 1722 1218 1020 1905 1729 1632 1815 1945 1761 1411 1435 1458 1642 1949 1057 1308 1467 1795 1424 1154 1839 1872 1519 1394 1307 1999 1683 1157 1359 1855 1822 1196 1690 1776 1690 1267 1717 BCNSPRNW ULIB Ver.6.0+V

เปลี่ยนเป็นภาษาไทย

Change to English
 แสดงรายละเอียดบรรณานุกรม
  กลับหน้าหลัก

Brief Record : Get Marc (ISO 2709) : E-mail record : QR code < ปิดหน้าต่าง
LEADER : 00000nam 2200000uu 4500
001    13399113490
003     ULIB
008    111122s2550||||th 000 0 tha d
020    ^a9789744347595
090    ^aนว.^bด361ผ 2550
100 0  ^aดับลิว เค จา
245 00 ^aแผนลับ ฉบับ 50 วัน/^cดับลิว เค จา
250    ^aพิมพ์ครั้งที่ 1
260    ^aกรุงเทพฯ:^bฟิสิกส์เซ็นเตอร์,^c2550
300    ^a298 หน้า
710 1  ^aฟิสิกส์เซ็นเตอร์
945    ^p195^l0^i020589
995    ^aทศพร
999 ^a ทศพร
รายการนี้ยังไม่มีแท็ก
คุณยังไม่ได้ล็อกอิน คุณสามารถมีกิจกรรมร่วมกับเว็บไซต์ได้ แต่ต้องล็อกอินก่อน ::
  ล็อกอิน

รายการสื่อสารสนเทศ

ลำดับที่ ประเภท เลขเรียก/บาร์โค้ด สถานที่ สถานะ
1. นวนิยาย
นวนิยาย
นว. ด361ผ 2550 ฉ.1 
  Barcode: 020589
ห้องสมุดวิทยาเขตสวรรค์ประชารักษ์
►นวนิยาย
บนชั้น
  ขอยืม

BibComment


ยังไม่เคยถูกคอมเมนท์

คอมเมนท์ทรัพยากรรายการนี้
  คอมเมนท์: แผนลับ ฉบับ 50 ว..


 Copyright 2026. Bcnsprnw @Library